| 000 | 01066cam a2200229 4500 | ||
|---|---|---|---|
| 001 | WB3722-20 | ||
| 008 | 000000n2001 000 0 eng u | ||
| 035 | _a(Sirsi) u112966 | ||
| 245 | _aUS funds set to storm Euro market | ||
| 260 | _c2001 | ||
| 490 |
_aEstates Gazette _v(0122) 2 June 2001, 38(1) |
||
| 520 | _aA huge increase in US investment in European property looks likely after Barton Briggs an influential US economist advised American funds to quadruple their worldwide real estate holdings. This advice was behind the news that $19.2bn of 'opportunity' funds was targeting Europe. Some investors such as the managing director of Pelham Partner's opportunity fund are more cautious about the prospect of any investment increase. With table of Opportunity funds in Europe. | ||
| 590 | _aWB | ||
| 650 | _aUS INVESTORS | ||
| 650 | _aEUROPEAN PROPERTY | ||
| 650 | _aMORGAN STANLEY | ||
| 650 | _aREAL ESTATE MARKET | ||
| 650 | _aUS PENSION FUNDS | ||
| 650 | _aPROPERTY SECTOR | ||
| 690 | _aPROPERTY MANAGEMENT-CORPORATE REAL ESTATE | ||
| 942 | _n0 | ||
| 999 |
_c67251 _d67251 |
||